000 00226nam a22000857a 4500
008 170624b xxu||||| |||| 00| 0 eng d
100 _93655
_aVastrad. B. G
245 _aSports and Games Encyclipedia
260 _aNew Delhi
_bKhel
_c2001
999 _c7058
_d7058